000
00325nam a22001457a 4500
003
SGT
082
_a
346.170954,MAL
100
_a
MALHOTRA, ANIL
245
_a
SURROGACY IN INDIA A LAW IN THE MAKING
250
_a
1ST
260
_a
NEW DELHI
_b
UNIVERSAL BOOK
_c
2013
300
_a
183
650
_a
SURROGACY
942
_2
ddc
_c
BK
999
_c
9789
_d
9789